000 00511cam a22002171 4500
001 8350961
005 20180125091346.0
008 750902s1948 xx 000 0 eng
010 _aagr48000187
035 _a(OCoLC)1590959
040 _aDLC
_cFMU
_dOCoLC
_dDLC
041 _aeng
042 _apremarc
080 _a631.4 GUS
082 _a631.4 GUS
100 1 _a9
101 _aMJE
245 1 0 _aUsing and managing soils.
906 _a7
_bcbc
_coclcrpl
_du
_encip
_f19
_gy-gencatlg
942 _2ddc
_cBK
999 _c40978
_d40978